LEADER 01345nam0-2200433---450- 001 990000961740203316 005 20060307132628.0 010 $a88-420-5094-6 035 $a0096174 035 $aUSA010096174 035 $a(ALEPH)000096174USA01 035 $a0096174 100 $a20020214d1996----km-y0ITAy01------ba 101 $aita 102 $aIT 105 $a||||||||001yy 200 1 $a<> testo letterario$eistruzioni per l'uso$fsaggi di Corrado Bologna ... et al.$ga cura di Mario Lavagetto 210 $aRoma$cLaterza$d1996 215 $aXII, 311 p$d21 cm 225 2 $aManuali Laterza$v80 410 1$12001$aManuali Laterza$v80 606 0 $aLetteratura$xAnalisi strutturale 676 $a808.0014 702 1$aBOLOGNA,$bCorrado 702 1$aLAVAGETTO,$bMario 801 0$aIT$bsalbc$gISBD 912 $a990000961740203316 951 $aVIII.3. 990(V C 1495)$b136173 LM$cV C 951 $aVIII.3. 990a(V C 1495 BIS)$b145413 LM$cV C 951 $aVIII.3. 990b(V C 1495 A)$b164506 L.M.$cV C 959 $aBK 969 $aUMA 979 $aPATTY$b90$c20020214$lUSA01$h1540 979 $c20020403$lUSA01$h1738 979 $aPATRY$b90$c20040406$lUSA01$h1706 979 $aCOPAT6$b90$c20060307$lUSA01$h1325 979 $aCOPAT6$b90$c20060307$lUSA01$h1326 996 $aTesto letterario$985580 997 $aUNISA